Czy rozpoznasz piłkarzy Inazumy Eleven po podpowiedziach? - Statystyki

Ogólne statystyki
  • Ten quiz został rozwiązany 127 razy
  • Średni wynik to 8 z 9
Statystyki odpowiedzi
Hint Odpowiedź % Poprawnych
Notatnik dziadka, Kapitan Mark
97%
Toaleta, mór/góra Jack
94%
Pingwinarz, Okularki Jude
93%
Smok, różowe włosy Kevin
89%
Boska wiedza, roszpunka Byron
87%
Bramka, ręka mugen Darren
84%
Cyklop, Akademia Królewska David
78%
Półłysy goblin, Akademia KrólewskaReaktywacja Caleb
75%
Wirowy blok, japoński Dubiel Scotty
73%
Nie znaleziono quizów pasujących do podanych kryteriów
Rozkład punktacji
Procent ludzi z każdym wynikiem
Percentyl według liczby udzielonych odpowiedzi
Twoja historia wyników
Nie rozwiązałeś tego quizu